zpět

Detail výsledku týmu

Pivnice U Badinů, Brno

Datum a čas kvízu

9 Celkem bodů Celkový počet nahraných bodů na tomto kvízu bez doplňovacích otázek.
4. Pořadí na kvízu Konečné umístění týmu na tomto kvízu.

Zaznamenané odpovědi

# Otázka Odpověď Body Výsledky
1. Na sociálních sítích se minulý... v Pardubicích 0
2. V uplynulém týdnu odstartovala... Donald Trump 0
3. V pátek večer ovládl udílení f... Cate Blanchettová 0
4. V pondělí představila společno... příchuť vesmíru 0
5. Jak se jmenuje tenista, který... Jiří Veselý 1
6. Začneme sarajevským atentátem... V 50 letech. (Uznáváme 48–52 let.) 0
7. Ve Spojených státech se událo... 1D 2C 3B 4A 1
8. Mehmet Ali Ağca [ádža] je ture... D 0
9. Napište jméno kladenského rodá... Antonín Čermák, Franklin D. Roosevelt 0
10. Poslední bod tohoto tématu roz... Bénazír Bhuttová, Pákistán 0